Bầu cử : Luận văn tốt nghiệp

Đề tài trình bày khái niệm lý thuyết dân chủ và bầu cử, bầu cử tại Việt Nam trong bối cảnh pháp lý chính trị 1-11-1963 trở về sau, nhận định các cuộc bầu cử gần đây.

Shranjeno v:
Bibliografske podrobnosti
Glavni avtor: Trần, Yêm Thông
Format: Knjiga
Jezik:Undetermined
Izdano: Sài Gòn Học viện Quốc Gia Hành Chánh 1971
Teme:
Oznake: Označite
Brez oznak, prvi označite!
Thư viện lưu trữ: Trung tâm Học liệu Trường Đại học Cần Thơ
LEADER 00913nam a2200205Ia 4500
001 CTU_26304
008 210402s9999 xx 000 0 und d
082 |a 324.6 
082 |b Th455 
100 |a Trần, Yêm Thông 
245 0 |a Bầu cử : 
245 0 |b Luận văn tốt nghiệp 
245 0 |c Trần Yêm Thông ; Tạ Văn Tài (Người hướng dẫn) 
260 |a Sài Gòn 
260 |b Học viện Quốc Gia Hành Chánh 
260 |c 1971 
520 |a Đề tài trình bày khái niệm lý thuyết dân chủ và bầu cử, bầu cử tại Việt Nam trong bối cảnh pháp lý chính trị 1-11-1963 trở về sau, nhận định các cuộc bầu cử gần đây. 
650 |a Election law 
904 |i Nguyễn Quang Điền, Hải 
980 |a Trung tâm Học liệu Trường Đại học Cần Thơ